| 000 | 00877nam a2200301Ia 4500 | ||
|---|---|---|---|
| 008 | 220204s9999 xx 000 0 und d | ||
| 082 |
_a581.132.001.5 _bSYB.2 |
||
| 245 | 0 | _aAdvances in photosynthesis research. V 2 | |
| 260 |
_aHague _bMartinus Nijhoff _c1984 |
||
| 490 | _aAdvances in agricultural biotechnology | ||
| 505 | _aProceedings of the VIth International Congress on photosynthesis, Brussels, Belgium, August 1- 6, 1983 | ||
| 650 | _aAmino acid | ||
| 650 | _aATPase | ||
| 650 | _aCarotenoid | ||
| 650 | _aChlorophyll | ||
| 650 | _aChloroplast | ||
| 650 | _aCyanobacteria | ||
| 650 | _aFluorescence | ||
| 650 | _aMembrane bioenergetics | ||
| 650 | _aPhotosynthesis | ||
| 650 | _aPhotosynthetic bacteria | ||
| 650 | _aPhotosystem | ||
| 650 | _aPigment | ||
| 650 | _aSolar energy | ||
| 650 | _aThylakoid | ||
| 700 | _aSYBESMA, C | ||
| 942 | _cBK | ||
| 999 |
_c38340 _d38340 |
||